CORRIENTES DIDACTICAS CONTEMPORANEAS (Registro nro. 51156)
[ vista simple ]
| 000 -LEADER | |
|---|---|
| fixed length control field | 00759nam a2200181 a 4500 |
| 001 - CONTROL NUMBER | |
| control field | 51156 |
| 005 - DATE AND TIME OF LATEST TRANSACTION | |
| control field | 20180714040506.0 |
| 008 - FIXED-LENGTH DATA ELEMENTS--GENERAL INFORMATION | |
| fixed length control field | 140415s1996 ag 000 0 spa d |
| 020 ## - INTERNATIONAL STANDARD BOOK NUMBER | |
| International Standard Book Number | 9501261131 |
| 041 ## - LANGUAGE CODE | |
| Language code of text/sound track or separate title | spa |
| 082 ## - DEWEY DECIMAL CLASSIFICATION NUMBER | |
| Classification number | 371.102 |
| Item number | COR |
| 245 00 - TITLE STATEMENT | |
| Title | CORRIENTES DIDACTICAS CONTEMPORANEAS |
| 250 ## - EDITION STATEMENT | |
| Edition statement | 1a ed. |
| 260 ## - PUBLICATION, DISTRIBUTION, ETC. | |
| Place of publication, distribution, etc. | ARGENTINA : |
| Name of publisher, distributor, etc. | PAIDOS, |
| Date of publication, distribution, etc. | 1996 |
| 300 ## - PHYSICAL DESCRIPTION | |
| Extent | 582 |
| Dimensions | 15.5 x 1 x 21 |
| 520 ## - SUMMARY, ETC. | |
| Summary, etc. | ESTE LIBRO REUNE SEIS ARTÍCULOS QUE PRESENTAN UNA SÍNTESIS DE LA PARTICIPACIÓN DE LAS AUTORAS EN EL SEMINARIO CORRIENTES CONTEMPORÁNEAS DE LA DIDÁCTICA , D LA AMESTRÍA EN DIDÁCTICA . LA OBRA AUME EL COMPROMISO DE LA FORMACIÓN DIDÁCTICA , Y ASPIRA A IMPULSAR EL DEBATE Y LA INVESTIGACIÓN EN ESTE CAMPO |
| 650 14 - SUBJECT ADDED ENTRY--TOPICAL TERM | |
| Topical term or geographic name entry element | DIDACTICA |
| Withdrawn status | Lost status | Source of classification or shelving scheme | Damaged status | Not for loan | Collection code | Home library | Current library | Shelving location | Date acquired | Source of acquisition | Inventory number | Total Checkouts | Full call number | Barcode | Date last seen | Date last checked out | Price effective from | Koha item type |
|---|---|---|---|---|---|---|---|---|---|---|---|---|---|---|---|---|---|---|
| Dewey Decimal Classification | General | Biblioteca Karol Wojtyla | Biblioteca Karol Wojtyla | Sala general | 03/12/2013 | Compra | 151000000000000000043090 | 1 | 371.102 COR | 76299 | 05/01/2026 | 27/08/2019 | 03/12/2013 | Libro |